Nazi-Era Provenance Internet Portal (Record no. 120352)
[ view plain ]
| 000 -LEADER | |
|---|---|
| fixed length control field | 00809cam a2200193 4500 |
| 001 - CONTROL NUMBER | |
| control field | WS124026 |
| 008 - FIXED-LENGTH DATA ELEMENTS--GENERAL INFORMATION | |
| fixed length control field | 031024n 000 0 eng u |
| 035 ## - SYSTEM CONTROL NUMBER | |
| System control number | (Sirsi) u124026 |
| 245 ## - TITLE STATEMENT | |
| Title | Nazi-Era Provenance Internet Portal |
| 520 ## - SUMMARY, ETC. | |
| Summary, etc. | Internet portal which provides a searchable register of objects in US museums that changed hands in Europe during the period 1933-1945. It currently lists 8000 objects from 74 museums, searchable by artist or nationality of artist and includes links to the museum web site where possible. |
| 650 ## - SUBJECT ADDED ENTRY--TOPICAL TERM | |
| Topical term or geographic name entry element | PORTALS |
| 650 ## - SUBJECT ADDED ENTRY--TOPICAL TERM | |
| Topical term or geographic name entry element | UNITED STATES |
| 650 ## - SUBJECT ADDED ENTRY--TOPICAL TERM | |
| Topical term or geographic name entry element | MUSEUMS |
| 650 ## - SUBJECT ADDED ENTRY--TOPICAL TERM | |
| Topical term or geographic name entry element | ART GALLERIES |
| 650 ## - SUBJECT ADDED ENTRY--TOPICAL TERM | |
| Topical term or geographic name entry element | STOLEN WORKS OF ART |
| 690 ## - LOCAL SUBJECT ADDED ENTRY--TOPICAL TERM (OCLC, RLIN) | |
| Topical term or geographic name as entry element | Arts and antiques |
| 9 (RLIN) | 6217 |
| 856 40 - ELECTRONIC LOCATION AND ACCESS | |
| Uniform Resource Identifier | <a href="https://www.nepip.org">https://www.nepip.org</a> |
| Public note | View the website free of charge at www.nepip.org... |
| 942 ## - ADDED ENTRY ELEMENTS (KOHA) | |
| Suppress in OPAC | 0 |
| Withdrawn status | Lost status | Source of classification or shelving scheme | Damaged status | Not for loan | Home library | Current library | Shelving location | Date acquired | Total Checkouts | Full call number | Barcode | Date last seen | Copy number | Price effective from | Koha item type |
|---|---|---|---|---|---|---|---|---|---|---|---|---|---|---|---|
| Dewey Decimal Classification | Virtual | Virtual | Online | 24/10/2003 | WEB SITE | 124026-1001 | 06/08/2019 | 1 | 06/08/2019 | Online material |